| 000 | 00718nam a2200229 a 4500 | ||
|---|---|---|---|
| 999 |
_c3088 _d3088 |
||
| 001 | 3088 | ||
| 003 | BD-JhCC | ||
| 005 | 20180304173526.0 | ||
| 008 | 171109s2003 bg |||| |a|| 000 0 ben d | ||
| 020 | _a9847161868 | ||
| 035 | _a(BD-JhCC)3088 | ||
| 040 |
_aBD-JhCC _dBD-JhCC |
||
| 041 | _aben | ||
| 082 |
_a891.4415 _bRAH 2003 |
||
| 100 | _aরাহমান, শামসুর | ||
| 245 |
_aভাঙ্গাচোরা চাঁদ মুখ কালো করে ধুকছে / _cশামসুর রাহমান, |
||
| 260 |
_aঢাকা : _bঐতিহ্য প্রকাশনী, _c2003 |
||
| 300 |
_a85 p. : _c22 cm. |
||
| 650 | _aBengali Poetry | ||
| 942 |
_2ddc _cBK |
||